| 000 | 00000nam##2200000za#4500 |
| 001 | 9.602972 |
| 003 | CaOODSP |
| 005 | 20220107134004 |
| 007 | cr ||||||||||| |
| 008 | 150406|1993||||xxc|||||o f|0| 0 fre|d |
| 040 | |aCaOODSP|bfre |
| 043 | |an-cn--- |
| 086 | 1 |aH72-22/10-1993F-PDF |
| 110 | 2 |aCentre national d'information sur la violence dans la famille (Canada) |
| 245 | 10|aRelations parents-enfants - enfants / |h[ressource électronique]|cpréparé par Danièle Fréchette. |
| 260 | |aOttawa - Ontario : |bSanté Canada. |cFévrier 1993. |
| 300 | |a8p.|bréférences |
| 490 | 1 |aRenseignements du Centre national d'information sur la violence dans la famille |
| 500 | |a«Le...feuillet porte sur le développement et les besoins de l'enfant.»--Page 1. |
| 500 | |aLe n° de catalogue (H72-22/10-1993F) et l'ISBN (0-662-98208-8) de l'édition imprimée ont été incorrectement copiés dans l'édition électronique. |
| 520 | 3 |a«Le...feuillet porte sur le développement et les besoins de l'enfant.»--Page 1 |
| 590 | |a11-31-Supp|b2011-12-13 |
| 691 | 07|aArt d'être parent|2gcpds |
| 691 | 07|aEnfant|2gcpds |
| 720 | 1 |aFréchette, Danièle |
| 775 | 08|tParent-child relationships - children / |w(CaOODSP)9.572625 |
| 776 | 0#|tRelations parents-enfants: enfants / |w(CaOODSP)9.620821 |
| 830 | #0|aRenseignements du Centre national d'information sur la violence dans la famille.|w(CaOODSP)9.500887 |
| 856 | 40|ahttp://publications.gc.ca|qPDF|s48 Ko|uhttps://publications.gc.ca/collections/Collection/H72-22-10-1993F.pdf |